Visual dictionary. (Record no. 3882)
[ view plain ]
| 000 -LEADER | |
|---|---|
| fixed length control field | 01056cam a2200349 a 4500 |
| 001 - CONTROL NUMBER | |
| control field | ocn174088667 |
| 003 - CONTROL NUMBER IDENTIFIER | |
| control field | OSt |
| 005 - DATE AND TIME OF LATEST TRANSACTION | |
| control field | 20140310181809.0 |
| 008 - FIXED-LENGTH DATA ELEMENTS--GENERAL INFORMATION | |
| fixed length control field | 061205r20061994enkab g d 001 0 eng d |
| 020 ## - INTERNATIONAL STANDARD BOOK NUMBER | |
| International Standard Book Number | 9781405317498 |
| 035 ## - SYSTEM CONTROL NUMBER | |
| System control number | CUA000283437 |
| 040 ## - CATALOGING SOURCE | |
| Original cataloging agency | Nz |
| Language of cataloging | eng |
| Transcribing agency | Z5M |
| Modifying agency | CVU |
| 049 ## - LOCAL HOLDINGS (OCLC) | |
| Holding library | CVUA |
| 050 ## - LIBRARY OF CONGRESS CALL NUMBER | |
| Classification number | PE 1629 |
| Item number | .V834 2006 |
| 082 04 - DEWEY DECIMAL CLASSIFICATION NUMBER | |
| Classification number | REF 423 |
| Item number | V82 2006 |
| 090 ## - LOCALLY ASSIGNED LC-TYPE CALL NUMBER (OCLC); LOCAL CALL NUMBER (OCLC) | |
| Local cutter number (OCLC) ; Book number/undivided call number, CALL (RLIN) | .V572 2006 |
| 245 00 - TITLE STATEMENT | |
| Title | Visual dictionary. |
| 246 18 - VARYING FORM OF TITLE | |
| Title proper/short title | DK visual dictionary. |
| 246 13 - VARYING FORM OF TITLE | |
| Title proper/short title | Dorling Kindersley visual dictionary. |
| 250 ## - EDITION STATEMENT | |
| Edition statement | Rev. and updated. |
| 260 ## - PUBLICATION, DISTRIBUTION, ETC. (IMPRINT) | |
| Place of publication, distribution, etc | London : |
| Name of publisher, distributor, etc | Dorling Kindersley, |
| Date of publication, distribution, etc | c2006. |
| 300 ## - PHYSICAL DESCRIPTION | |
| Extent | 672 p. : |
| Other physical details | ill., col. maps ; |
| Dimensions | 24 cm. |
| 500 ## - GENERAL NOTE | |
| General note | Ist American ed. published under the title: Ultimate visual dictionary 1994. |
| 500 ## - GENERAL NOTE | |
| General note | Includes index. |
| 520 ## - SUMMARY, ETC. | |
| Summary, etc | 1. Picture dictionaries, English 2. English language--Dictionaries. |
| 521 ## - TARGET AUDIENCE NOTE | |
| Target audience note | |
| 541 ## - IMMEDIATE SOURCE OF ACQUISITION NOTE | |
| -- | 1 |
| 562 ## - COPY AND VERSION IDENTIFICATION NOTE | |
| Number of copies | 1 |
| 650 #0 - SUBJECT ADDED ENTRY--TOPICAL TERM | |
| Topical term or geographic name as entry element | Picture dictionaries, English. |
| 910 ## - USER-OPTION DATA (OCLC) | |
| User-option data | 20090922/w/u;ckc |
| 942 ## - ADDED ENTRY ELEMENTS (KOHA) | |
| Source of classification or shelving scheme | Library of Congress Classification |
| Koha item type | |
| Call number prefix | |
| Withdrawn status | Lost status | Source of classification or shelving scheme | Damaged status | Home library | Current library | Shelving location | Date acquired | Total Checkouts | Full call number | Barcode | Date last seen | Copy number | Price effective from | Koha item type |
|---|---|---|---|---|---|---|---|---|---|---|---|---|---|---|
| Library of Congress Classification | Luxembourg Library | Luxembourg Library | Reference Section | 07/05/2013 | PE 1629 .V834 2006 | 15390 | 08/13/2013 | 1 | 07/05/2013 | Books |